[Event "FIDE World Bl Team Pool B"]
[Site "London ENG"]
[Date "2025.06.14"]
[Round "13.2"]
[White "Le, Quang Liem"]
[Black "Willow, Jonah B"]
[Result "1/2-1/2"]
[WhiteTitle "GM"]
[BlackTitle "IM"]
[WhiteElo "2729"]
[BlackElo "2470"]
[WhiteTeam "Freedom"]
[BlackTeam "Wood Green"]
[WhiteFideId "12401137"]
[BlackFideId "438804"]
[EventDate "2025.06.14"]
[EventType "team"]

1. Nf3 Nf6 2. c4 c5 3. Nc3 Nc6 4. g3 d5 5. cxd5 Nxd5 6. Bg2 Nc7 7. a3 g6 8. h4
Bg4 9. Nh2 Bd7 10. h5 Bg7 11. d3 O-O 12. hxg6 hxg6 13. Nf3 Ne6 14. Be3 Ncd4 15.
Kf1 Bc6 16. Nd2 Bxg2+ 17. Kxg2 Nf5 18. Rc1 Qb6 19. Qb3 Qc6+ 20. Nf3 Ned4 21.
Bxd4 Nxd4 22. Qd5 Rfd8 23. Qxc6 Nxc6 24. Na4 b5 25. Rxc5 bxa4 26. Rxc6 Bxb2 27.
Ra6 Bxa3 28. Ra1 Bc5 29. R1xa4 Rac8 30. Ne5 Kg7 31. Kf3 Rd6 32. e3 Bb6 33. d4
Rf6+ 34. Kg2 Rc2 35. Nf3 Rb2 36. Ra2 Rxa2 37. Rxa2 a5 38. Ne5 Bc7 39. Nd3 Ra6
40. Kf3 Bd6 41. Ra4 e6 42. g4 Kf6 43. Ke4 Ke7 44. g5 f6 45. Nc5 Ra7 46. gxf6+
Kxf6 47. Kd3 Ke7 48. Kc4 Bc7 49. Kb5 Bd8 50. e4 Ra8 51. Kc4 Rb8 52. e5 Rb2 53.
Ne4 Re2 54. Kd3 Rb2 55. Ra1 Rb3+ 56. Kc4 Rb4+ 57. Kd3 Bb6 58. Nc5 Bxc5 59. dxc5
a4 60. Rg1 a3 61. Rxg6 Ra4 62. Rg1 a2 63. Ra1 Kd7 64. f4 Kc6 65. f5 exf5 66. e6
Re4 67. Rxa2 Kxc5 68. Ra5+ Kd6 69. Rxf5 Rxe6 1/2-1/2

[Event "FIDE World Bl Team Pool B"]
[Site "London ENG"]
[Date "2025.06.14"]
[Round "13.3"]
[White "Czopor, Maciej"]
[Black "Sarana, Alexey"]
[Result "1/2-1/2"]
[WhiteTitle "IM"]
[BlackTitle "GM"]
[WhiteElo "2423"]
[BlackElo "2686"]
[WhiteTeam "Wood Green"]
[BlackTeam "Freedom"]
[WhiteFideId "21805431"]
[BlackFideId "24133795"]
[EventDate "2025.06.14"]
[EventType "team"]

1. e4 c5 2. Nf3 d6 3. d4 cxd4 4. Nxd4 Nf6 5. Nc3 a6 6. Be2 e5 7. Nb3 Be6 8. Be3
Be7 9. Nd5 Nbd7 10. Qd3 O-O 11. O-O Bxd5 12. exd5 Rc8 13. c4 a5 14. Rac1 a4 15.
Nd2 Qa5 16. Nb1 Bd8 17. Nc3 Bb6 18. Nb5 Qa6 19. Bd2 Nc5 20. Qa3 Nfe4 21. Bb4 f5
22. Kh1 Rf6 23. Bf3 Rh6 24. Bxe4 Nxe4 25. Nxd6 Nxd6 26. Bxd6 Bd4 27. c5 Qe2 28.
Qf3 Qxf3 29. gxf3 Bxb2 30. Rb1 a3 31. Rfe1 b6 32. Bxe5 Bxe5 33. Rxe5 bxc5 34.
Re3 Rd6 35. Rxa3 Rxd5 36. Rc1 Kf7 37. Ra7+ Kf6 38. Kg2 c4 39. Ra3 Ke5 40. Re3+
Kd6 41. f4 Kc5 42. Re7 g6 43. Rxh7 Rd3 44. Rg7 c3 45. Rxg6 Kc4 46. h4 Rd2 47.
Rg3 c2 48. h5 Kd4 49. h6 Rh8 50. Rh3 Rh7 51. a4 Kc4 52. a5 Kb5 53. Rc3 Rxh6 54.
R1xc2 Rg6+ 55. Kf3 Rd5 56. Rb2+ Ka6 57. Rc8 Ka7 58. Rc7+ Ka6 59. Rc8 Ka7 60. Rf8
Rd3+ 61. Ke2 Rd5 62. Rf7+ Ka6 63. Rb6+ Rxb6 64. axb6 Kxb6 65. Re7 Kc6 66. Re5
Kd6 67. Rxd5+ Kxd5 68. Kd3 Kc5 69. Kc3 Kd5 70. Kd3 Kc5 71. Kc3 Kd5 72. f3 Kc5
73. Kd3 Kd5 74. Kc3 Kc5 75. Kd3 Kd5 1/2-1/2

[Event "FIDE World Bl Team Pool B"]
[Site "London ENG"]
[Date "2025.06.14"]
[Round "13.4"]
[White "Martirosyan, Haik M."]
[Black "Wadsworth, Matthew J"]
[Result "1-0"]
[WhiteTitle "GM"]
[BlackTitle "IM"]
[WhiteElo "2635"]
[BlackElo "2481"]
[WhiteTeam "Freedom"]
[BlackTeam "Wood Green"]
[WhiteFideId "13306553"]
[BlackFideId "415804"]
[EventDate "2025.06.14"]
[EventType "team"]

1. d4 d5 2. c4 c6 3. Nf3 Nf6 4. Nc3 dxc4 5. a4 Bf5 6. e3 e6 7. Bxc4 Bb4 8. O-O
O-O 9. Qe2 Bg6 10. Ne5 Nbd7 11. Nxg6 hxg6 12. Rd1 Qe7 13. Qc2 a5 14. Bd2 Rac8
15. Be1 Rfd8 16. h3 c5 17. dxc5 Qxc5 18. Bb5 Nb6 19. Rac1 Nbd5 20. Qe2 Nxc3 21.
Rxd8+ Rxd8 22. bxc3 Ba3 23. Ra1 Qe7 24. e4 e5 25. g3 Bc5 26. Kg2 b6 27. Bc4 Qb7
28. f3 Qd7 29. h4 Kf8 30. g4 Ne8 31. Bg3 f6 32. Bd5 Nc7 33. c4 Ne6 34. Qd2 Bd4
35. Rh1 Qd6 36. h5 g5 37. h6 gxh6 38. Rxh6 Kg7 39. Rh1 Rh8 40. Rxh8 Kxh8 41. Qd1
Nf4+ 42. Bxf4 gxf4 43. Qh1+ Kg7 44. Qh5 Qe7 45. Qf5 Be3 46. Qc8 Qa3 47. Kh3 Qa1
48. Qd7+ Kh6 49. g5+ fxg5 50. Kg4 Qg1+ 51. Kf5 g4 52. Qd6+ Kh7 53. Qg6+ 1-0

[Event "FIDE World Bl Team Pool B"]
[Site "London ENG"]
[Date "2025.06.14"]
[Round "13.5"]
[White "Orlovska, Madara"]
[Black "Injac, Teodora"]
[Result "0-1"]
[BlackTitle "IM"]
[WhiteElo "2059"]
[BlackElo "2457"]
[WhiteTeam "Wood Green"]
[BlackTeam "Freedom"]
[WhiteFideId "11601825"]
[BlackFideId "932400"]
[EventDate "2025.06.14"]
[EventType "team"]

1. d4 Nf6 2. Nc3 d5 3. Bf4 a6 4. e3 e6 5. Bd3 c5 6. Nf3 Nbd7 7. Ne5 Nxe5 8. dxe5
Nd7 9. Qh5 g6 10. Qh3 Bg7 11. Qg3 Qc7 12. h4 c4 13. Be2 Bxe5 14. h5 Bxf4 15.
exf4 Nf6 16. hxg6 fxg6 17. Qg5 O-O 18. O-O-O b5 19. Bf3 b4 20. Ne2 c3 21. f5
cxb2+ 22. Kxb2 exf5 23. Bxd5+ Nxd5 24. Rxd5 Be6 25. Rd4 Rac8 26. Qd2 Qa5 27. Nc1
Qe5 28. Kb1 Qf6 29. Nb3 Rfd8 30. Rxd8+ Rxd8 31. Qxb4 Bf7 32. Qb7 Re8 33. Rd1 f4
34. f3 Re7 35. Qb8+ Kg7 36. Rd8 Re1+ 37. Nc1 h5 38. Rd6 Qe5 39. Qb6 Qb5+ 40.
Qxb5 axb5 41. Rb6 Bc4 42. Kb2 Rg1 43. Rb7+ Kh6 44. Nb3 Rxg2 45. Na5 Bd3 46. Rc7
h4 47. Kb3 Bf5 48. Rc5 h3 49. Rxb5 h2 50. Rb8 g5 51. Rh8+ Bh7 0-1

[Event "FIDE World Bl Team Pool B"]
[Site "London ENG"]
[Date "2025.06.14"]
[Round "13.6"]
[White "Mani, Sarbartho"]
[Black "Barwick, Carmel"]
[Result "1-0"]
[WhiteElo "1847"]
[BlackElo "1915"]
[WhiteTeam "Freedom"]
[BlackTeam "Wood Green"]
[WhiteFideId "366112022"]
[BlackFideId "442925"]
[EventDate "2025.06.14"]
[EventType "team"]

1. d4 Nf6 2. Nf3 e6 3. g3 c5 4. Bg2 cxd4 5. Nxd4 Nc6 6. O-O a6 7. b3 Be7 8. Bb2
O-O 9. e3 Qc7 10. Nd2 e5 11. Ne2 d5 12. c4 Be6 13. cxd5 Bxd5 14. Bxd5 Nxd5 15.
Rc1 Qd8 16. a3 Nf6 17. Nc4 e4 18. b4 Rc8 19. Nf4 h6 20. Qe2 Qe8 21. Bxf6 gxf6
22. Nh5 Kh8 23. Qg4 Rg8 24. Qxe4 Rg5 25. Nf4 Ne5 26. Nb6 Rd8 27. Nbd5 Qf8 28.
Rc7 Re8 29. Rxb7 Kg7 30. h4 Rg4 31. Qf5 Rg6 32. Nxg6 fxg6 33. Qe6 Nf3+ 34. Kg2
Ne5 1-0

[Event "FIDE World Bl Team Pool B"]
[Site "London ENG"]
[Date "2025.06.14"]
[Round "13.1"]
[White "Rodshtein, Maxim"]
[Black "Aronian, Levon"]
[Result "0-1"]
[WhiteTitle "GM"]
[BlackTitle "GM"]
[WhiteElo "2645"]
[BlackElo "2742"]
[WhiteTeam "Rishon LeZion Chess Club"]
[BlackTeam "Hexamind Chess Team"]
[WhiteFideId "2806851"]
[BlackFideId "13300474"]
[EventDate "2025.06.14"]
[EventType "team"]

1. d4 Nf6 2. c4 e6 3. Nc3 Bb4 4. e3 O-O 5. Bd3 b6 6. Nf3 Bb7 7. O-O c5 8. Na4
cxd4 9. a3 Be7 10. exd4 d6 11. Re1 Nbd7 12. b4 a5 13. Bb2 axb4 14. axb4 b5 15.
cxb5 Nd5 16. Qb3 Bg5 17. Bf1 Rb8 18. g3 Bh6 19. h4 Ne7 20. Nh2 g6 21. Nc3 Bg7
22. Red1 Nf5 23. d5 e5 24. Ne4 Nb6 25. Bg2 Nd4 26. Bxd4 exd4 27. Nd2 Qf6 28. Ra7
Qf5 29. Qf3 Qxf3 30. Bxf3 Bxd5 31. Bxd5 Nxd5 32. Ne4 Nc3 33. Nxc3 dxc3 34. Rc7
Rxb5 35. Rxd6 Be5 36. Rdc6 Bxc7 37. Rxc7 Rxb4 38. Rxc3 Kg7 39. Kg2 Rbb8 40. Nf1
Rfc8 41. Rf3 Rc6 42. Nh2 Rb2 43. Rd3 Rcc2 44. Rf3 Rc5 45. Rd3 Rf5 46. Nf3 h6 47.
Rd4 Rb3 48. Nh2 Rb2 49. Nf3 Rc5 50. Rf4 Rd5 51. Rc4 Rd6 52. Rf4 Re6 53. Nd4 0-1

[Event "FIDE World Bl Team Pool B"]
[Site "London ENG"]
[Date "2025.06.14"]
[Round "13.2"]
[White "Giri, Anish"]
[Black "Steinberg, Nitzan"]
[Result "1-0"]
[WhiteTitle "GM"]
[BlackTitle "GM"]
[WhiteElo "2748"]
[BlackElo "2554"]
[WhiteTeam "Hexamind Chess Team"]
[BlackTeam "Rishon LeZion Chess Club"]
[WhiteFideId "24116068"]
[BlackFideId "2801795"]
[EventDate "2025.06.14"]
[EventType "team"]

1. e4 c5 2. Nf3 d6 3. Bc4 e6 4. O-O a6 5. a4 Nc6 6. Re1 Nf6 7. d3 Be7 8. Nbd2
O-O 9. c3 b6 10. h3 Bb7 11. Bb3 Rc8 12. Nf1 h6 13. Ng3 Re8 14. d4 cxd4 15. cxd4
Nb4 16. Re3 d5 17. e5 Ne4 18. Bd2 Qc7 19. Bc3 a5 20. Nh5 Kh8 21. Nd2 g6 22. Nf4
Bg5 23. Qg4 h5 24. Qf3 Kg7 25. Rae1 Nxd2 26. Bxd2 Nc2 27. Nxh5+ Kh6 28. Bxc2
Qxc2 29. Qxf7 Re7 30. Qf3 Qxd2 31. Nf6 Bxe3 32. Rxe3 Rc1+ 33. Kh2 Rf7 34. Qf4+
Kg7 35. Qh4 Rxf6 36. exf6+ Kf7 37. Qh7+ Kxf6 38. Rf3+ 1-0

[Event "FIDE World Bl Team Pool B"]
[Site "London ENG"]
[Date "2025.06.14"]
[Round "13.3"]
[White "Sokolovsky, Yahli"]
[Black "Vidit, Santosh Gujrathi"]
[Result "0-1"]
[WhiteTitle "GM"]
[BlackTitle "GM"]
[WhiteElo "2542"]
[BlackElo "2720"]
[WhiteTeam "Rishon LeZion Chess Club"]
[BlackTeam "Hexamind Chess Team"]
[WhiteFideId "2820242"]
[BlackFideId "5029465"]
[EventDate "2025.06.14"]
[EventType "team"]

1. e4 e5 2. Nf3 Nc6 3. Bb5 Nf6 4. O-O Nxe4 5. Re1 Nd6 6. Nxe5 Be7 7. Bf1 Nf5 8.
Nf3 O-O 9. d4 d5 10. Nc3 Be6 11. Ne2 Nh4 12. Nxh4 Bxh4 13. g3 Bf6 14. c3 Bg4 15.
Qb3 Na5 16. Qb4 c6 17. Nf4 Qb6 18. b3 Rfe8 19. Ba3 Qc7 20. Qd6 Qxd6 21. Bxd6 b6
22. Ba6 h6 23. Bb4 Rad8 24. Bxa5 bxa5 25. Bb7 Bd7 26. Nd3 Kf8 27. Nc5 Rxe1+ 28.
Rxe1 Be8 29. Ba6 Be7 30. Nb7 Rb8 31. Nxa5 c5 32. dxc5 Bxc5 33. b4 Bb6 34. Nb3
Ba4 35. Rd1 d4 36. cxd4 0-1

[Event "FIDE World Bl Team Pool B"]
[Site "London ENG"]
[Date "2025.06.14"]
[Round "13.4"]
[White "Dominguez Perez, Leinier"]
[Black "Bronstein, Or"]
[Result "1/2-1/2"]
[WhiteTitle "GM"]
[BlackTitle "IM"]
[WhiteElo "2738"]
[BlackElo "2443"]
[WhiteTeam "Hexamind Chess Team"]
[BlackTeam "Rishon LeZion Chess Club"]
[WhiteFideId "3503240"]
[BlackFideId "2815770"]
[EventDate "2025.06.14"]
[EventType "team"]

1. e4 c5 2. Nf3 d6 3. d4 cxd4 4. Nxd4 Nf6 5. Nc3 a6 6. Be3 Ng4 7. Bc1 Nf6 8. f3
e6 9. g4 h6 10. Qe2 b5 11. a3 Be7 12. Be3 Bb7 13. h4 d5 14. O-O-O Qc7 15. Bg2
dxe4 16. fxe4 Nc6 17. Nxc6 Bxc6 18. g5 Nd7 19. Nd5 Qb7 20. Nxe7 Kxe7 21. Qd2 Qc7
22. Qb4+ Ke8 23. Qc3 e5 24. Qb3 Nb6 25. Bxb6 Qxb6 26. g6 Rf8 27. Rhf1 Ra7 28.
gxf7+ Rfxf7 29. Qe6+ Kf8 30. Bh3 Kg8 31. h5 Re7 32. Qb3 Be8 33. Bf5 Kf8 34. Bg6
Rf4 35. Kb1 Bxg6 36. hxg6 Qxg6 37. Rg1 Qf6 38. Qd3 Kg8 39. b3 Kh7 40. Kb2 Rf7
41. Qc3 Rf3 42. Qc8 Qf4 43. Rd8 g5 44. Rh8+ Kg6 45. Qg8+ Kh5 46. Rh1+ Kg4 47.
Qc8+ Kg3 48. R8xh6 g4 49. Qc5 Rf2 50. Qc3+ Qf3 51. Qxe5+ Rf4 52. Rf6 Kg2 53.
Rxf4 Qxf4 54. Qh5 Qf6+ 55. Kb1 Rf1+ 56. Rxf1 Qxf1+ 57. Kb2 Qf6+ 58. e5 Qf4 59.
e6 Qd4+ 60. Ka2 Qe4 61. e7 Qxc2+ 62. Ka1 Qc1+ 63. Ka2 Qc2+ 1/2-1/2

[Event "FIDE World Bl Team Pool B"]
[Site "London ENG"]
[Date "2025.06.14"]
[Round "13.1"]
[White "Jumabayev, Rinat"]
[Black "Madan, Augustin"]
[Result "1-0"]
[WhiteTitle "GM"]
[BlackTitle "IM"]
[WhiteElo "2546"]
[BlackElo "2259"]
[WhiteTeam "Theme International Trading"]
[BlackTeam "Desert Penguins"]
[WhiteFideId "13702661"]
[BlackFideId "1210327"]
[EventDate "2025.06.14"]
[EventType "team"]

1. e4 e6 2. d3 d5 3. Nd2 c5 4. Ngf3 Nc6 5. g3 g6 6. Bg2 Bg7 7. O-O Nge7 8. Re1
O-O 9. c3 b5 10. exd5 exd5 11. Nb3 c4 12. Nbd4 a6 13. Bg5 f6 14. Bf4 Ra7 15. Ne6
Bxe6 16. Rxe6 Rd7 17. Bh3 f5 18. d4 h6 19. Bg2 g5 20. Bd2 Rf6 21. Rxf6 Bxf6 22.
Qe2 Rd6 23. Re1 Qd7 24. h4 g4 25. Nh2 h5 26. Bf4 Kf7 27. Bxd6 Qxd6 28. f4 Qd7
29. Nf1 Ng6 30. Ne3 Nce7 31. Bh1 Nf8 32. Qg2 Ne6 33. Nxd5 1-0

[Event "FIDE World Bl Team Pool B"]
[Site "London ENG"]
[Date "2025.06.14"]
[Round "13.2"]
[White "Bansal, Rohan"]
[Black "Le, Tuan Minh"]
[Result "0-1"]
[BlackTitle "GM"]
[WhiteElo "2005"]
[BlackElo "2598"]
[WhiteTeam "Desert Penguins"]
[BlackTeam "Theme International Trading"]
[WhiteFideId "425052"]
[BlackFideId "12401153"]
[EventDate "2025.06.14"]
[EventType "team"]

1. d4 d5 2. Nf3 e6 3. e3 Nf6 4. b3 Bd6 5. Bb2 O-O 6. Nbd2 c5 7. Bd3 Nc6 8. a3
cxd4 9. exd4 Nh5 10. g3 f5 11. Qe2 Nf6 12. Ne5 Bd7 13. O-O-O Qe7 14. Nb1 Rac8
15. Nxc6 bxc6 16. Rde1 Rfe8 17. h3 c5 18. dxc5 Rxc5 19. g4 Ne4 20. gxf5 exf5 21.
f3 Qg5+ 22. Kd1 Ng3 23. Qg2 Rcc8 24. h4 Qh5 25. Nd2 f4 26. Rhg1 Be5 27. Bxe5
Rxe5 28. Rxe5 Qxe5 29. Kc1 Qa1+ 30. Nb1 Qd4 31. Rd1 Qe5 32. Qd2 Nf5 33. Qa5 Nd4
34. Kd2 Qe3# 0-1

[Event "FIDE World Bl Team Pool B"]
[Site "London ENG"]
[Date "2025.06.14"]
[Round "13.3"]
[White "Tin, Jingyao"]
[Black "Bharat Kumar, Balahari"]
[Result "1-0"]
[WhiteTitle "GM"]
[WhiteElo "2583"]
[BlackElo "2052"]
[WhiteTeam "Theme International Trading"]
[BlackTeam "Desert Penguins"]
[WhiteFideId "5804418"]
[BlackFideId "496464"]
[EventDate "2025.06.14"]
[EventType "team"]

1. d4 d5 2. c4 e6 3. Nc3 a6 4. cxd5 exd5 5. Nf3 Nf6 6. Bg5 Be6 7. e3 Nbd7 8. Bd3
c6 9. O-O h6 10. Bf4 g5 11. Bg3 Nh5 12. Qc2 Nxg3 13. hxg3 Bg7 14. Rfe1 O-O 15.
Rad1 Qc7 16. e4 dxe4 17. Bxe4 Nb6 18. Bh7+ Kh8 19. Bf5 Bxf5 20. Qxf5 Rad8 21.
Re2 Nd5 22. Rde1 Qd7 23. Qd3 Nxc3 24. bxc3 Rfe8 25. Re4 Rxe4 26. Qxe4 Kg8 27. g4
Qd5 28. Qxd5 Rxd5 29. Re8+ Kh7 30. Re7 Rb5 31. Rxf7 Kg6 32. Rd7 Rb2 33. a4 Rb3
34. Kf1 b5 35. axb5 axb5 36. Rd6+ Kf7 37. Rxc6 Rb1+ 38. Ke2 Rb2+ 39. Ke3 b4 40.
cxb4 Rxb4 41. Rc2 Rb3+ 42. Ke4 Rb8 43. Kf5 Rb5+ 44. Ne5+ Bxe5 45. dxe5 Rb7 46.
g3 Ra7 47. f4 gxf4 48. gxf4 Rb7 49. Rd2 Ra7 50. Rd7+ Rxd7 51. e6+ Ke7 52. exd7 1-0

[Event "FIDE World Bl Team Pool B"]
[Site "London ENG"]
[Date "2025.06.14"]
[Round "13.4"]
[White "Bansal, Saahil"]
[Black "Siddharth, Jagadeesh"]
[Result "0-1"]
[BlackTitle "GM"]
[WhiteElo "1979"]
[BlackElo "2461"]
[WhiteTeam "Desert Penguins"]
[BlackTeam "Theme International Trading"]
[WhiteFideId "438316"]
[BlackFideId "5818320"]
[EventDate "2025.06.14"]
[EventType "team"]

1. d4 d5 2. c4 e6 3. Nc3 Be7 4. cxd5 exd5 5. Nf3 Nf6 6. Qc2 c6 7. Bg5 g6 8. e3
Bf5 9. Bd3 Bxd3 10. Qxd3 Nbd7 11. O-O O-O 12. Rab1 Re8 13. b4 a6 14. a4 Ne4 15.
Bxe7 Qxe7 16. b5 axb5 17. axb5 Ra3 18. Rfc1 c5 19. dxc5 Qxc5 20. Nxe4 Qxc1+ 21.
Rxc1 Rxd3 22. Nd6 Rb8 23. Nd4 Kf8 24. h3 Ke7 25. Nc8+ Kd8 26. Nd6 f6 27. Ne6+
Ke7 28. Nf4 Rd2 29. Nc8+ Kd8 30. Nd6 Nb6 31. Nf7+ Kd7 32. Nh6 Rc8 33. Ra1 Rcc2
34. Ng4 f5 35. Ne5+ Kc7 36. Ned3 g5 37. Ne6+ Kd6 38. Ndc5 Rxc5 39. Nxc5 Kxc5 40.
Ra7 Kxb5 41. Rxb7 h5 42. Rh7 h4 43. Rh5 Nc4 44. Rxg5 Rd1+ 45. Kh2 Nd2 46. g4
Nf3+ 0-1

[Event "FIDE World Bl Team Pool B"]
[Site "London ENG"]
[Date "2025.06.14"]
[Round "13.5"]
[White "Gong, Qianyun"]
[Black "Ding, Yicheng"]
[Result "1-0"]
[WhiteTitle "WGM"]
[WhiteElo "2228"]
[BlackElo "1793"]
[WhiteTeam "Theme International Trading"]
[BlackTeam "Desert Penguins"]
[WhiteFideId "8602425"]
[BlackFideId "483087"]
[EventDate "2025.06.14"]
[EventType "team"]

1. e4 c5 2. Nf3 d6 3. c3 Nf6 4. Be2 Nc6 5. d4 cxd4 6. cxd4 e6 7. Nc3 Be7 8. O-O
O-O 9. h3 d5 10. e5 Nd7 11. Bd3 Re8 12. Re1 Nf8 13. a3 a6 14. Bf4 b5 15. Rc1 Bb7
16. b4 Rc8 17. Bg3 Nb8 18. Qb3 Nbd7 19. a4 bxa4 20. Nxa4 Rxc1 21. Rxc1 Nb6 22.
Nc5 Qa8 23. Ra1 Nfd7 24. Nxa6 Bxa6 25. Rxa6 Qb7 26. b5 Rc8 27. Bf4 Nb8 28. Ra1
N8d7 29. Bg5 Bf8 30. Rc1 h6 31. Rxc8 Qxc8 32. Be3 Qb7 33. Qc2 Nb8 34. Nd2 g6 35.
Nb3 h5 36. Na5 Qa7 37. Nc6 Qb7 38. Nxb8 Qxb8 39. Qc6 Kg7 40. Bg5 Nc8 41. Bf6+
Kg8 42. Kh2 Ne7 43. Qd7 Nc8 44. Qd8 Qb7 45. Bg5 Na7 46. Bh6 Qe7 47. Qxf8+ Qxf8
48. Bxf8 Kxf8 49. b6 Nc6 50. Bb5 Nb8 51. Kg3 Ke7 52. Kf4 Kd8 53. Kg5 Ke7 54. f4
Kd8 55. Kf6 Kc8 56. Kxf7 1-0

[Event "FIDE World Bl Team Pool B"]
[Site "London ENG"]
[Date "2025.06.14"]
[Round "13.6"]
[White "Ding, Yihua"]
[Black "Zhang, Changjie"]
[Result "0-1"]
[WhiteElo "1536"]
[BlackElo "1808"]
[WhiteTeam "Desert Penguins"]
[BlackTeam "Theme International Trading"]
[WhiteFideId "495999"]
[BlackFideId "5801877"]
[EventDate "2025.06.14"]
[EventType "team"]

1. d4 Nf6 2. c4 e6 3. a3 b6 4. Nc3 Bb7 5. Bf4 Ne4 6. Nxe4 Bxe4 7. e3 Be7 8. Nf3
O-O 9. Bd3 Bb7 10. O-O f5 11. h3 d6 12. Be2 Nd7 13. Qc2 Nf6 14. Nd2 Rc8 15. Bf3
d5 16. Rac1 c6 17. Qb1 Ne4 18. Nxe4 fxe4 19. Be2 Bg5 20. Bxg5 Qxg5 21. Bg4 Rce8
22. Qc2 Rf6 23. Qe2 Rg6 24. g3 Rf8 25. Qd1 Bc8 26. cxd5 exd5 27. Bxc8 Rxc8 28.
Qg4 Qxg4 29. hxg4 Rxg4 30. Rfd1 Rg6 31. Rc2 Rd6 32. Rdc1 Kf7 33. Kf1 Ke6 34. b4
a6 35. a4 b5 36. axb5 axb5 37. Ke2 h5 38. Rh1 g6 39. Rhc1 Kd7 40. Ra1 Rc7 41.
Rac1 Ra7 42. Kd2 Ra4 43. Rb1 Rf6 44. Rbc1 Rxf2+ 45. Kd1 Rxc2 46. Rxc2 Ra1+ 47.
Kd2 g5 48. Kc3 Ra3+ 49. Kd2 h4 50. gxh4 gxh4 51. Kc1 Rxe3 52. Rh2 h3 53. Kd2 Rf3
54. Ke2 Ke6 55. Kd2 Kf5 56. Ke2 Kf4 57. Kd2 Kg3 58. Rh1 h2 59. Ke2 Kg2 60. Rd1
Rf2+ 61. Ke1 Rf1+ 62. Ke2 Rxd1 63. Kxd1 h1=Q+ 0-1

[Event "FIDE World Bl Team Pool B"]
[Site "London ENG"]
[Date "2025.06.14"]
[Round "13.1"]
[White "Gallana, Marco"]
[Black "O'Gorman, Tom"]
[Result "0-1"]
[BlackTitle "IM"]
[WhiteElo "2215"]
[BlackElo "2379"]
[WhiteTeam "Hammersmith Chess Club"]
[BlackTeam "Oxbridge"]
[WhiteFideId "824542"]
[BlackFideId "2508249"]
[EventDate "2025.06.14"]
[EventType "team"]

1. d4 d5 2. c4 e6 3. Nc3 Nf6 4. cxd5 exd5 5. Bf4 Bd6 6. Bxd6 Qxd6 7. e3 Bf5 8.
Nge2 c6 9. Ng3 Bg4 10. Qc2 Nbd7 11. Bd3 O-O 12. h3 Be6 13. O-O Rfe8 14. b4 b5
15. Rab1 a5 16. a3 axb4 17. axb4 Nb6 18. e4 dxe4 19. Ncxe4 Qxd4 20. Nxf6+ Qxf6
21. Bxh7+ Kh8 22. Be4 Bc4 23. Rfe1 Ra2 24. Qd1 Qxf2+ 25. Kh2 Rxe4 26. Qh5+ Kg8
27. Rg1 Bd5 28. Qg5 Re6 29. Rbf1 Qxg2+ 30. Rxg2 Rxg2+ 31. Kh1 Rxg3+ 0-1

[Event "FIDE World Bl Team Pool B"]
[Site "London ENG"]
[Date "2025.06.14"]
[Round "13.2"]
[White "Sivakumar, Ashvin"]
[Black "Villiers, Thomas"]
[Result "0-1"]
[WhiteTitle "FM"]
[BlackTitle "CM"]
[WhiteElo "2175"]
[BlackElo "2158"]
[WhiteTeam "Oxbridge"]
[BlackTeam "Hammersmith Chess Club"]
[WhiteFideId "5804655"]
[BlackFideId "427209"]
[EventDate "2025.06.14"]
[EventType "team"]

1. d4 d5 2. c4 e6 3. Nc3 Be7 4. Nf3 Nf6 5. Bg5 O-O 6. e3 h6 7. Bh4 Ne4 8. Bxe7
Qxe7 9. Nxe4 dxe4 10. Nd2 f5 11. Be2 b6 12. Qc2 Bb7 13. O-O Nd7 14. Rfd1 Rf6 15.
Rac1 Rg6 16. Bf1 Nf6 17. c5 Bd5 18. cxb6 cxb6 19. Qc7 Qf8 20. a3 Ne8 21. Qe5 Nd6
22. Rc7 Nf7 23. Rxf7 Qxf7 24. Bc4 Rc8 25. b3 Kh7 26. Bxd5 exd5 27. Nf1 Qe6 28.
Qxe6 Rxe6 29. Ng3 g6 30. Ne2 Rec6 31. h4 g5 32. hxg5 hxg5 33. g4 fxg4 34. Kg2
Rc2 35. Ng3 Rf8 36. Nh1 g3 37. Kxg3 Rf3+ 38. Kg4 Kg6 39. a4 Rc8 0-1

[Event "FIDE World Bl Team Pool B"]
[Site "London ENG"]
[Date "2025.06.14"]
[Round "13.3"]
[White "Stewart, Ashley"]
[Black "Goh, Jinghan Cameron"]
[Result "1-0"]
[WhiteElo "2093"]
[BlackElo "2178"]
[WhiteTeam "Hammersmith Chess Club"]
[BlackTeam "Oxbridge"]
[WhiteFideId "419001"]
[BlackFideId "5804540"]
[EventDate "2025.06.14"]
[EventType "team"]

1. c4 c5 2. g3 Nf6 3. Bg2 d5 4. cxd5 Nxd5 5. Nc3 Nc7 6. Nf3 Nc6 7. a3 g6 8. h4
h6 9. d3 Bg7 10. Rb1 O-O 11. Bd2 Bd7 12. b4 cxb4 13. axb4 b5 14. Ne4 Ne6 15. Qc1
Rc8 16. Nc5 h5 17. O-O Nxc5 18. bxc5 Nd4 19. Nxd4 Bxd4 20. Bh6 Rxc5 21. Qa3 Re8
22. e3 Rc3 23. Qb4 Bf6 24. d4 Rc4 25. Qd2 a5 26. Qd3 Bf5 27. e4 Rxd4 28. Qxb5
Bxe4 29. Bxe4 Rxe4 30. Rfd1 Qa8 31. Rd7 Rb4 32. Qf1 Rxb1 33. Qxb1 Rb8 34. Qd3
Rc8 35. Qa3 Qe4 36. Rd1 Qb4 37. Qd3 e6 38. Bg5 Bxg5 39. hxg5 Qc4 40. Qd7 a4 41.
Qa7 Qc5 42. Rd8+ Kg7 1-0

[Event "FIDE World Bl Team Pool B"]
[Site "London ENG"]
[Date "2025.06.14"]
[Round "13.4"]
[White "Ratnesan, Ranesh"]
[Black "Hanache, Kai"]
[Result "1-0"]
[WhiteTitle "CM"]
[WhiteElo "2138"]
[BlackElo "2149"]
[WhiteTeam "Oxbridge"]
[BlackTeam "Hammersmith Chess Club"]
[WhiteFideId "439339"]
[BlackFideId "490105"]
[EventDate "2025.06.14"]
[EventType "team"]

1. d4 Nf6 2. c4 g6 3. Nc3 d5 4. cxd5 Nxd5 5. g3 Bg7 6. Bg2 Nxc3 7. bxc3 c5 8. e3
O-O 9. Ne2 Qc7 10. O-O Nc6 11. Ba3 b6 12. d5 Rd8 13. Qe1 Ne5 14. d6 Qb8 15. dxe7
Re8 16. Nf4 Rxe7 17. Nd5 Re8 18. Rd1 Bb7 19. Qe2 Qc8 20. c4 Rb8 21. Bb2 Ba8 22.
f4 Nc6 23. Bxg7 Kxg7 24. Qb2+ Kh6 1-0

[Event "FIDE World Bl Team Pool B"]
[Site "London ENG"]
[Date "2025.06.14"]
[Round "13.5"]
[White "Ciocan, Maria-Alexandra"]
[Black "Hng, Mei-Xian Eunice"]
[Result "1-0"]
[BlackTitle "WFM"]
[WhiteElo "1998"]
[BlackElo "2066"]
[WhiteTeam "Hammersmith Chess Club"]
[BlackTeam "Oxbridge"]
[WhiteFideId "1227130"]
[BlackFideId "5806585"]
[EventDate "2025.06.14"]
[EventType "team"]

1. e4 d6 2. d4 c6 3. Nc3 Nd7 4. Be3 Qc7 5. f4 e5 6. Nf3 Ngf6 7. h3 b5 8. Bd3 Be7
9. O-O O-O 10. a3 a6 11. fxe5 dxe5 12. d5 cxd5 13. exd5 Bb7 14. Kh1 Rad8 15. Bg5
Nb6 16. Bxf6 Bxf6 17. Be4 Nc4 18. Qd3 h6 19. b3 Nd6 20. Bh7+ Kh8 21. Ne4 Nxe4
22. Bxe4 Rd6 23. c4 bxc4 24. bxc4 Be7 25. Nxe5 Bf6 26. Qg3 Qe7 27. Ng6+ fxg6 28.
Qxg6 Kg8 29. Qh7+ Kf7 30. Bg6# 1-0